000 00720nam a2200253Ia 4500
003 OSt
005 20220918110408.0
006 a|||||r|||| 00| 0
007 ta
008 220915b |||||||| |||| 00| 0 eng d
024 _a16132
037 _cReference Collections
040 _aARTS
_cARTS
_beng
041 _2eng
_aeng
082 _aNB73,5, K7(RR)
100 _aMayer Albert
_97542
245 0 _aUrgent future
_b people housing city region
260 _aNew York
_bMcGraw Hill
_c1967
300 _axiii,184p. illus
500 _aBibliography p171-172; Appendix p173-178
650 _aARTS
942 _hNB73,5, K7(RR)
_cREF
999 _c112575
_d112575